[Event "EYCC 2024 - O08"]
[Site "?"]
[Date "2024.08.31"]
[Round "9.10"]
[White "Kucher, Artem"]
[Black "Puzas, Kasparas"]
[Result "1-0"]
[BlackElo "1558"]
[WhiteElo "1670"]
[LiveChessVersion "1.4.8"]

1. e4 {[%clk 1:30:59]} c5 2. Nf3 e6 {[%clk 1:31:23]} 3. d4 {[%clk 1:30:30]} cxd4
{[%clk 1:31:44]} 4. Nxd4 {[%clk 1:30:54]} Nf6 {[%clk 1:32:03]} 5. Nc3
{[%clk 1:31:13]} Nc6 {[%clk 1:32:25]} 6. Nxc6 {[%clk 1:31:38]} bxc6
{[%clk 1:32:48]} 7. e5 {[%clk 1:32:05]} Nd5 {[%clk 1:32:55]} 8. Ne4
{[%clk 1:32:25]} Bb7 {[%clk 1:32:08]} 9. c4 {[%clk 1:27:59]} Nb6 {[%clk 1:32:19]}
10. Nd6+ {[%clk 1:28:14]} Bxd6 {[%clk 1:32:22]} 11. Qxd6 {[%clk 1:28:35]} Qe7
{[%clk 1:32:36]} 12. Qxe7+ {[%clk 1:22:33]} Kxe7 {[%clk 1:32:54]} 13. Be3
{[%clk 1:21:48]} Rhd8 {[%clk 1:29:19]} 14. Bc5+ {[%clk 1:20:17]} Ke8
{[%clk 1:25:08]} 15. O-O-O {[%clk 1:16:52]} f6 {[%clk 1:24:18]} 16. Bd3
{[%clk 1:09:32]} f5 {[%clk 1:23:08]} 17. g4 {[%clk 1:02:39]} g6 {[%clk 1:20:20]}
18. gxf5 {[%clk 0:58:04]} exf5 {[%clk 1:20:28]} 19. h4 {[%clk 0:56:03]} Kf7
{[%clk 1:20:38]} 20. h5 {[%clk 0:55:34]} Rh8 {[%clk 1:20:22]} 21. Bd4 Ke6
{[%clk 1:15:47]} 22. c5 {[%clk 0:49:00]} Nd5 {[%clk 1:16:04]} 23. Rdg1
{[%clk 0:49:06]} Rhg8 {[%clk 1:15:39]} 24. f3 {[%clk 0:42:29]} a5
{[%clk 0:59:37]} 25. hxg6 {[%clk 0:41:04]} hxg6 {[%clk 0:58:45]} 26. Rh6
{[%clk 0:41:17]} Kf7 {[%clk 0:58:47]} 27. e6+ {[%clk 0:40:50]} Kxe6
{[%clk 0:42:44]} 28. Rgxg6+ {[%clk 0:38:53]} Rxg6 {[%clk 0:40:15]} 29. Rxg6+
{[%clk 0:39:15]} Kf7 {[%clk 0:40:40]} 30. Bxf5 {[%clk 0:39:08]} Ne7
{[%clk 0:39:15]} 31. Rg7+ Ke8 {[%clk 0:37:30]} 32. Bg4 {[%clk 0:36:27]} Bc8
{[%clk 0:35:49]} 33. Bh5+ {[%clk 0:36:24]} Kf8 {[%clk 0:35:38]} 34. Rf7+
{[%clk 0:36:48]} Ke8 {[%clk 0:28:14]} 35. Bg7 {[%clk 0:36:45]} d5
{[%clk 0:26:46]} 36. cxd6 Nd5 {[%clk 0:26:54]} 37. Ra7+ {[%clk 0:36:53]} Kd8
{[%clk 0:27:05]} 38. Rxa8 {[%clk 0:37:18]} a4 {[%clk 0:27:26]} 39. Bg4
{[%clk 0:37:13]} Nb6 {[%clk 0:27:39]} 40. Rxc8+ {[%clk 0:37:22]} Nxc8
{[%clk 0:27:45]} 41. Bf6+ {[%clk 0:37:48]} Ke8 {[%clk 0:28:00]} 42. d7+
{[%clk 0:38:12]} Kf7 {[%clk 0:28:22]} 43. dxc8=Q {[%clk 0:38:35]} Kxf6
{[%clk 0:28:19]} 44. Qe6+ {[%clk 0:39:00]} Kg7 {[%clk 0:28:39]} 45. Bh5
{[%clk 0:39:14]} a3 {[%clk 0:28:58]} 46. Qf7+ {[%clk 0:39:37]} Kh8
{[%clk 0:29:19]} 47. Bg6 {[%clk 0:40:03]} axb2+ {[%clk 0:29:38]} 48. Kxb2
{[%clk 0:40:29]} c5 {[%clk 0:29:50]} 49. Qf8# {[%clk 0:40:55]} 1-0

[Event "EYCC 2024 - O08"]
[Site "?"]
[Date "2024.08.31"]
[Round "9.11"]
[White "Kapitanski, Furion"]
[Black "Siska, Samuel"]
[Result "1-0"]
[BlackElo "1469"]
[WhiteElo "1631"]
[LiveChessVersion "1.4.8"]

1. e4 {[%clk 1:30:59]} d6 {[%clk 1:29:29]} 2. d4 {[%clk 1:31:10]} Nf6
{[%clk 1:28:37]} 3. Nc3 {[%clk 1:31:34]} g6 {[%clk 1:27:57]} 4. Nf3
{[%clk 1:31:48]} Bg7 {[%clk 1:27:56]} 5. h3 {[%clk 1:27:37]} O-O {[%clk 1:27:31]}
6. Be3 {[%clk 1:27:00]} c6 {[%clk 1:26:32]} 7. Qd2 {[%clk 1:25:58]} b5
{[%clk 1:25:54]} 8. Bd3 {[%clk 1:22:03]} b4 {[%clk 1:25:11]} 9. Ne2
{[%clk 1:22:26]} a5 {[%clk 1:25:32]} 10. Bh6 {[%clk 1:22:24]} Ba6
{[%clk 1:24:38]} 11. Bxg7 {[%clk 1:18:45]} Kxg7 {[%clk 1:24:58]} 12. h4
{[%clk 1:19:07]} h5 {[%clk 1:20:24]} 13. e5 {[%clk 1:15:45]} dxe5
{[%clk 1:20:05]} 14. dxe5 {[%clk 1:16:04]} Ng4 {[%clk 1:19:14]} 15. e6
{[%clk 1:16:15]} Bxd3 {[%clk 1:19:07]} 16. cxd3 {[%clk 1:16:38]} Qb6
{[%clk 1:17:22]} 17. Rf1 {[%clk 1:12:45]} f6 {[%clk 1:16:49]} 18. d4
{[%clk 1:12:19]} Na6 {[%clk 1:16:15]} 19. Qc2 {[%clk 1:11:05]} Rg8
{[%clk 1:15:03]} 20. Nf4 {[%clk 1:11:06]} Kh6 {[%clk 1:12:19]} 21. Rc1
{[%clk 0:57:42]} Rac8 {[%clk 1:12:01]} 22. Qd2 {[%clk 0:57:15]} Kh7
{[%clk 1:11:57]} 23. Qd3 {[%clk 0:57:29]} c5 {[%clk 1:10:49]} 24. b3
{[%clk 0:55:48]} Qd6 {[%clk 1:09:34]} 25. g3 {[%clk 0:55:01]} Rcd8
{[%clk 1:04:56]} 26. Rc4 {[%clk 0:52:58]} Nc7 {[%clk 1:03:15]} 27. Qe4
{[%clk 0:48:03]} Nb5 {[%clk 0:59:25]} 28. Rxc5 {[%clk 0:36:48]} Nxd4
{[%clk 0:59:38]} 29. Rxh5+ {[%clk 0:37:11]} Kg7 {[%clk 0:59:49]} 30. Qxg6+
{[%clk 0:37:31]} Kf8 {[%clk 1:00:12]} 31. Qf7# {[%clk 0:37:55]} 1-0

[Event "EYCC 2024 - O08"]
[Site "?"]
[Date "2024.08.31"]
[Round "9.12"]
[White "Kapelinsky, Amos"]
[Black "Khuduzade, Azad"]
[Result "1/2-1/2"]
[BlackElo "1586"]
[WhiteElo "1430"]
[LiveChessVersion "1.4.8"]

1. e4 {[%clk 1:30:54]} c5 {[%clk 1:30:58]} 2. Nf3 {[%clk 1:31:06]} a6
{[%clk 1:31:24]} 3. Nc3 {[%clk 1:31:25]} Nc6 {[%clk 1:31:43]} 4. d4
{[%clk 1:31:35]} cxd4 {[%clk 1:32:01]} 5. Nxd4 {[%clk 1:31:50]} e6
{[%clk 1:31:20]} 6. Be3 {[%clk 1:31:45]} Bb4 {[%clk 1:31:27]} 7. Qd2
{[%clk 1:31:31]} Nf6 {[%clk 1:31:32]} 8. f3 {[%clk 1:31:41]} d5 {[%clk 1:27:18]}
9. a3 {[%clk 1:30:37]} Be7 10. O-O-O O-O {[%clk 1:25:38]} 11. g4 {[%clk 1:29:32]}
dxe4 {[%clk 1:25:29]} 12. Nxe4 {[%clk 1:26:45]} Nxd4 {[%clk 1:25:24]} 13. Qxd4
{[%clk 1:26:42]} Qxd4 {[%clk 1:25:30]} 14. Bxd4 {[%clk 1:26:39]} Nxe4
{[%clk 1:25:50]} 15. fxe4 {[%clk 1:27:02]} b5 {[%clk 1:25:51]} 16. Bg2
{[%clk 1:26:43]} Bg5+ {[%clk 1:25:57]} 17. Kb1 {[%clk 1:26:54]} Bb7
{[%clk 1:26:18]} 18. h4 {[%clk 1:26:11]} Bf4 {[%clk 1:26:21]} 19. Rhg1
{[%clk 1:24:13]} e5 {[%clk 1:26:29]} 20. Bf2 {[%clk 1:22:11]} Rfd8
{[%clk 1:25:45]} 21. Bb6 {[%clk 1:21:17]} Rdc8 {[%clk 1:25:15]} 22. Rd7
{[%clk 1:20:43]} Bc6 {[%clk 1:25:07]} 23. Re7 {[%clk 1:20:00]} Rab8
{[%clk 1:25:11]} 24. Bc7 {[%clk 1:18:53]} Rb7 {[%clk 1:25:05]} 25. Rd1
{[%clk 1:18:17]} f6 {[%clk 1:25:13]} 26. Rd8+ {[%clk 1:17:53]} Rxd8
{[%clk 1:25:29]} 27. Bxd8 {[%clk 1:18:02]} Bd7 {[%clk 1:24:47]} 28. Bf1
{[%clk 1:16:45]} Be3 {[%clk 1:24:49]} 29. b4 {[%clk 1:16:18]} Bf2
{[%clk 1:24:40]} 30. c4 {[%clk 1:15:14]} Bxh4 {[%clk 1:24:15]} 31. cxb5
{[%clk 1:15:27]} axb5 {[%clk 1:21:48]} 32. Bxb5 {[%clk 1:15:32]} Rxb5
{[%clk 1:21:24]} 33. Rxd7 {[%clk 1:14:22]} Be1 {[%clk 1:21:24]} 34. Ba5
{[%clk 1:13:20]} g6 {[%clk 1:20:49]} 35. Kc2 {[%clk 1:06:03]} h5 {[%clk 1:20:59]}
36. Kd1 {[%clk 1:05:12]} Bc3 {[%clk 1:20:43]} 37. gxh5 {[%clk 1:04:25]} gxh5
{[%clk 1:21:07]} 38. Bd8 {[%clk 1:04:03]} Bb2 {[%clk 1:19:04]} 39. Rd3
{[%clk 1:02:27]} Kf7 {[%clk 1:19:16]} 40. Rf3 {[%clk 1:02:46]} Rb7
{[%clk 1:16:54]} 41. Bxf6 {[%clk 1:01:54]} Rd7+ {[%clk 1:16:04]} 42. Kc2
{[%clk 1:01:48]} Bxa3 {[%clk 1:16:24]} 43. Bxe5+ {[%clk 1:02:08]} Ke6
{[%clk 1:16:50]} 44. Bc3 {[%clk 1:02:19]} Rc7 {[%clk 1:16:44]} 45. Kb3
{[%clk 1:02:20]} Bc1 {[%clk 1:16:58]} 46. Rh3 {[%clk 1:01:30]} Rh7
{[%clk 1:16:04]} 47. b5 {[%clk 0:59:40]} Bf4 {[%clk 1:16:08]} 48. e5
{[%clk 0:58:45]} Kd5 {[%clk 1:16:18]} 49. Rf3 {[%clk 0:58:22]} Bg5
{[%clk 1:15:52]} 50. Rf5 {[%clk 0:57:52]} Bd8 {[%clk 1:15:52]} 51. Rf8
{[%clk 0:50:01]} Bc7 {[%clk 1:16:04]} 52. Ka4 {[%clk 0:49:28]} h4
{[%clk 1:16:10]} 53. Rf1 {[%clk 0:46:42]} Bb6 {[%clk 1:16:05]} 54. Re1
{[%clk 0:44:26]} Kc4 {[%clk 1:16:03]} 55. Ba5 {[%clk 0:41:49]} Ra7
{[%clk 1:16:10]} 56. Re4+ {[%clk 0:41:55]} Kd5 {[%clk 1:16:11]} 57. Rxh4
{[%clk 0:41:35]} Bxa5 {[%clk 1:16:24]} 1/2-1/2